1521 1711 1702 1639 1068 1756 1507 1549 1439 1860 1987 1646 1900 1147 1197 1299 1674 1635 1803 1448 1839 1774 1842 1972 1931 1033 1878 1092 1268 1927 1597 1183 1237 1646 1091 1912 1297 1276 1009 1420 1077 1858 1131 1733 1189 1866 1887 1057 1868 1164 1797 1889 1762 1233 1412 1711 1106 1445 1519 1638 1839 1495 1554 1849 1255 1380 1088 1146 1433 1621 1032 1334 1901 1376 1958 1128 1519 1521 1175 1493 1382 1483 1141 1320 1008 1419 1273 1179 1533 1594 1571 1286 1346 1161 1175 1953 1528 1028 1064 BCNSPRNW ULIB Ver.6.0+V

เปลี่ยนเป็นภาษาไทย

Change to English
 แสดงรายละเอียดบรรณานุกรม
  กลับหน้าหลัก

Brief Record : Get Marc (ISO 2709) : E-mail record : QR code < ปิดหน้าต่าง
LEADER : 00000nam 2200000uu 4500
001    13399121714
003     ULIB
008    141214s2552||||th 000 0 tha d
020    ^a9789746723954
060 04 ^aWD300^bม244ร
100 0  ^aมุทิตา ตระกูลทิวากร
245 10 ^aไรฝุ่น และโรคภูมิแพ้ทางเดินหายใจในเด็ก /^cมุทิตาตระกูลทิวากร, วรรณะ มหากิตติคุณ, ประนุท ตันไพบูลย์
250    ^aพิมพ์ครั้งที่ 1
260    ^aเชียงใหม่ :^bซิลค์เวอร์ม,^c2552
300    ^axiii, 190 หน้า :^bภาพประกอบ ;^c25 ซม.
650  0 ^aAllergy in children
650  2 ^aAntigens, Dermatophagoides^xin infancy & childhood
650  2 ^aPyroglyphidae^xin adolescent
650  7 ^aภูมิแพ้ในเด็ก
650  7 ^aไร
650  7 ^aโรคเกิดจากไร
653    ^aผลงานอาจารย์คณะแพทยศาสตร์ศิริราชพยาบาล
700 0  ^aวรรณะ มหากิตติคุณ
700 0  ^aประนุท ตันไพบูลย์
945    ^p450^l0^i16790
945    ^p450^l0^i16791
945    ^p450^l0^i22628
945    ^p450^l0^i22629
945    ^p450^l0^i22630
995    ทศพร
999 ^a ใช้งานได้ทุกระบบ
รายการนี้ยังไม่มีแท็ก
คุณยังไม่ได้ล็อกอิน คุณสามารถมีกิจกรรมร่วมกับเว็บไซต์ได้ แต่ต้องล็อกอินก่อน ::
  ล็อกอิน

รายการสื่อสารสนเทศ

ลำดับที่ ประเภท เลขเรียก/บาร์โค้ด สถานที่ สถานะ
- ไม่พบข้อมูล -

รายการใกล้เคียง
    ผู้แต่ง [มุทิตา ตระกูลทิวากร]

    หัวเรื่อง [Allergy in children]
    หัวเรื่อง [ภูมิแพ้ในเด็ก]
    หัวเรื่อง [ไร]
    หัวเรื่อง [โรคเกิดจากไร]

BibComment


ยังไม่เคยถูกคอมเมนท์

คอมเมนท์ทรัพยากรรายการนี้
  คอมเมนท์: ไรฝุ่น และโรคภูม..


 Copyright 2026. Bcnsprnw @Library